| 000 | 00718 a2200205 4500 | ||
|---|---|---|---|
| 999 |
_c7262 _d7262 |
||
| 020 | _a0745002021 (Gt. Brit.) | ||
| 020 | _a0745002250 (pbk.) (Gt. Brit.) | ||
| 050 | 1 | 4 | _aHC79 PEA 1990 |
| 100 | 1 |
_aPearce, David W. _eauthor |
|
| 245 | 1 | 0 |
_aEconomics of natural resources and the environment / _cDavid W. Pearce and R. Kerry Turner. |
| 264 |
_aHarlow : _bPrentice Hall / Financial Times, _c1990. |
||
| 300 |
_axiii, 378 p. : _bill. ; |
||
| 500 | _aIncludes index | ||
| 504 | _aIncludes bibliographical references (p. [361]-373) | ||
| 650 | 0 | _aEnvironmental policy. | |
| 650 | 0 |
_aPollution _xEconomic aspects. |
|
| 650 | 0 | _aNatural resources. | |
| 700 | 1 |
_aTurner, R. Kerry. _eauthor |
|
| 942 |
_2lcc _cBK _h79 _iPEA _kHC |
||